| 000 | 01009cab a22002535a 4500 | ||
|---|---|---|---|
| 001 | L159043 | ||
| 008 | 130731e2015 xxk 000 0 eng d | ||
| 035 | _a(Sirsi) u159043 | ||
| 041 | 0 | _aeng | |
| 110 | 1 | _aRIBA | |
| 245 | 0 | 0 |
_aClient and Architect _bDeveloping the essential relationship _h[electronic resource] |
| 260 |
_bRIBA _c2015 |
||
| 300 | _a44p. | ||
| 520 | _aLooks at the relationship between architects and clients which concludes that architects who can design a building from concept to delivery are now a rare breed which is forcing clients to replace the original practice after the planning stage. | ||
| 590 | _aKA | ||
| 650 | 2 | 4 | _aARCHITECTS |
| 650 | 2 | 4 | _aCLIENT RELATIONS |
| 650 | 2 | 4 | _aCLIENT SERVICE |
| 650 | 2 | 4 | _aMARKETING |
| 651 | 4 |
_aUnited Kingdom _y |
|
| 690 | _aBusiness and management | ||
| 856 | 4 | 0 |
_uhttps://www.architecture.com/Files/RIBAProfessionalServices/ClientServices/RIBACLIENTSUPP[1].pdf _zView the item free of charge at the www.architecture.com |
| 942 | _n0 | ||
| 999 |
_c115641 _d115641 |
||